Un reino medio(ocre) / (Registro nro. 30953)
[ vista simple ]
| 000 -CABECERA | |
|---|---|
| campo de control de longitud fija | 01004nam a22001937a 4500 |
| 008 - CÓDIGOS DE INFORMACIÓN DE LONGITUD FIJA | |
| fixed length control field | 250214b |||||||| |||| 00| 0 eng d |
| 020 ## - NÚMERO INTERNACIONAL NORMALIZADO PARA LIBROS | |
| ISBN | 9789585610866 |
| 040 ## - Fuente de catalogación | |
| Agencia original de catalogación | CO-JMCR |
| Lenguaje de catalogación | spa |
| Agencia de transcripción | CO-JMCR |
| Agencia de modificación | CO-JMCR |
| Convenciones de descripción | rda |
| 041 0# - CÓDIGO DE LENGUA | |
| Código idioma | spa |
| 082 04 - NÚMERO DE LA CLASIFICACIÓN DECIMAL DEWEY | |
| Número de clasificación Decimal | T |
| Número de documento (Cutter) | GONu |
| 100 1# - PUNTO DE ACCESO PRINCIPAL-NOMBRE DE PERSONA | |
| Término de función/relación | autor |
| Nombre personal | González Muñoz, Rafael, |
| 9 (RLIN) | 44090 |
| 245 ## - TÍTULO PROPIAMENTE DICHO | |
| Título | Un reino medio(ocre) / |
| Mención de responsabilidad, etc. | Rafael González Muñoz. |
| 300 ## - DESCRIPCIÓN FÍSICA | |
| Extensión | 88 páginas : |
| Otros detalles físicos | ilustraciones / |
| Dimensiones | 20 cm. |
| 520 3# - RESUMEN, ETC. | |
| Resumen,etc. | En el gran reino medio(ocre) y la corte del rey Cachiporras, la reina Deporra y la princesa Porras, princesas Porras, piensan que mandar es solo dar órdenes sin pensar, que los objetos pueden tener más valor que la integridad de los habitantes del reino, el pueblo se unirá para demostrar que así les quiten la boca, las orejas y no tengan ojos, la inteligencia, la unión y la bondad serán suficientes para tener un buen rey. |
| 650 14 - TÉRMINO DE MATERIA | |
| 9 (RLIN) | 44091 |
| 650 24 - TÉRMINO DE MATERIA | |
| 9 (RLIN) | 44092 |
| 650 24 - TÉRMINO DE MATERIA | |
| 9 (RLIN) | 44093 |
| Withdrawn status | Lost status | Source of classification or shelving scheme | Damaged status | Not for loan | Collection code | Home library | Current library | Shelving location | Date acquired | Total Checkouts | Full call number | Barcode | Date last seen | Copy number | Price effective from | Koha item type |
|---|---|---|---|---|---|---|---|---|---|---|---|---|---|---|---|---|
| Dewey Decimal Classification | Fiction | Biblioteca Pública José María del Castillo y Rada | Biblioteca Pública José María del Castillo y Rada | Book Cart | 01/31/2025 | T GONu | 201812372 | 02/14/2025 | Ej.1 | 02/14/2025 | Books |